MARC details
| 000 -LEADER |
| campo de control de longitud fija |
01699cam a2200457 i 4500 |
| 001 - NÚMERO DE CONTROL |
| campo de control |
18447016 |
| 003 - IDENTIFICADOR DE NÚMERO DE CONTROL |
| campo de control |
BJBSDDR |
| 005 - FECHA Y HORA DE LA ÚLTIMA TRANSACCIÓN |
| campo de control |
20260423124152.0 |
| 007 - CAMPO FIJO DE DESCRIPCIÓN FÍSICA--INFORMACIÓN GENERAL |
| campo de control de longitud fija |
ta |
| 008 - DATOS DE LONGITUD FIJA--INFORMACIÓN GENERAL |
| campo de control de longitud fija |
150113s2020 enk 000 1 eng |
| 010 ## - NÚMERO DE CONTROL DE LA BIBLIOTECA DEL CONGRESO |
| Número de control de LC |
2014434738 |
| 020 ## - NÚMERO INTERNACIONAL ESTÁNDAR DEL LIBRO |
| Número Internacional Estándar del Libro |
9781398805088 (case) |
| 020 ## - NÚMERO INTERNACIONAL ESTÁNDAR DEL LIBRO |
| Número Internacional Estándar del Libro |
9781788884082 (t.1) |
| 020 ## - NÚMERO INTERNACIONAL ESTÁNDAR DEL LIBRO |
| Número Internacional Estándar del Libro |
9789951758871 (t.2) |
| 020 ## - NÚMERO INTERNACIONAL ESTÁNDAR DEL LIBRO |
| Número Internacional Estándar del Libro |
9781785996115 (t.3) |
| 020 ## - NÚMERO INTERNACIONAL ESTÁNDAR DEL LIBRO |
| Número Internacional Estándar del Libro |
9781785999277 (t.4) |
| 020 ## - NÚMERO INTERNACIONAL ESTÁNDAR DEL LIBRO |
| Número Internacional Estándar del Libro |
9781789500875 (t.5) |
| 035 ## - NÚMERO DE CONTROL DEL SISTEMA |
| Número de control de sistema |
18447016 |
| 040 ## - FUENTE DE CATALOGACIÓN |
| Centro catalogador/agencia de origen |
DLC |
| Lengua de catalogación |
eng |
| Centro/agencia transcriptor |
DLC |
| Normas de descripción |
rda |
| Centro/agencia modificador |
DLC |
| 041 ## - CÓDIGO DE IDIOMA |
| Código de lengua del texto/banda sonora o título independiente |
eng |
| 042 ## - CÓDIGO DE AUTENTICACIÓN |
| Código de autenticación |
pcc |
| 050 00 - SIGNATURA TOPOGRÁFICA DE LA BIBLIOTECA DEL CONGRESO |
| Número de clasificación |
PR4621 |
| Número de ítem |
D754s 2009 |
| 100 1# - ENTRADA PRINCIPAL--NOMBRE DE PERSONA |
| Nombre de persona |
Doyle, Arthur Conan, |
| Fechas asociadas al nombre |
1859-1930 |
| 9 (RLIN) |
7032 |
| 240 10 - TÍTULO UNIFORME |
| Título uniforme |
Works. |
| Subencabezamiento de forma |
Selections |
| 245 10 - MENCIÓN DEL TÍTULO |
| Título |
Sherlock Holmes : |
| Resto del título |
his greatest cases / |
| Mención de responsabilidad, etc. |
Arthur Conan Doyle. |
| 264 #1 - PRODUCCIÓN, PUBLICACIÓN, DISTRIBUCIÓN, FABRICACIÓN Y COPYRIGHT |
| Producción, publicación, distribución, fabricación y copyright |
London : |
| Nombre del de productor, editor, distribuidor, fabricante |
Arcturus Publishing, |
| Fecha de producción, publicación, distribución, fabricación o copyright |
2020 |
| 300 ## - DESCRIPCIÓN FÍSICA |
| Extensión |
5 tomos ; |
| Dimensiones |
20 cm |
| 336 ## - TIPO DE CONTENIDO |
| Término de tipo de contenido |
text |
| Código de tipo de contenido |
txt |
| Fuente |
rdacontent |
| 337 ## - TIPO DE MEDIO |
| Nombre/término del tipo de medio |
unmediated |
| Código del tipo de medio |
n |
| Fuente |
rdamedia |
| 338 ## - TIPO DE SOPORTE |
| Nombre/término del tipo de soporte |
volume |
| Código del tipo de soporte |
nc |
| Fuente |
rdacarrier |
| 505 ## - NOTA DE CONTENIDO CON FORMATO |
| Nota de contenido con formato |
t.1 : A study in Scarlet & the sign of four. -- <br/>t.2 : The adventures of Sherlock Holmes. -- <br/>t.3 : The memoirs of Sherlock Holmes. --<br/>t.4 : The return of Sherlock Holmes. --<br/>t.5 : His last bow : some reminiscences of Sherlock Holmes. |
| 600 10 - PUNTO DE ACCESO ADICIONAL DE MATERIA--NOMBRE DE PERSONA |
| Nombre de persona |
Holmes, Sherlock |
| Subdivisión de forma |
Fiction. |
| 650 #0 - PUNTO DE ACCESO ADICIONAL DE MATERIA--TÉRMINO DE MATERIA |
| Término de materia o nombre geográfico como elemento de entrada |
Watson, John H. (Fictitious character) |
| Subdivisión de forma |
Fiction. |
| 650 #0 - PUNTO DE ACCESO ADICIONAL DE MATERIA--TÉRMINO DE MATERIA |
| Término de materia o nombre geográfico como elemento de entrada |
Detective and mystery stories, English. |
| 655 #7 - TERMINO DE INDIZACIÓN--GENERO/FORMA |
| Datos o término principal de género/forma |
Fiction. |
| Fuente del término |
lcgft |
| Número de control del registro de autoridad o número normalizado |
https://id.loc.gov/authorities/genreForms/gf2014026339 |
| 906 ## - ELEMENTOS DE DATOS F LOCAL, LDF (RLIN) |
| a |
7 |
| b |
cbc |
| c |
origres |
| d |
2 |
| e |
ncip |
| f |
20 |
| g |
y-gencatlg |
| 942 ## - ELEMENTOS DE ENTRADA SECUNDARIOS (KOHA) |
| Fuente del sistema de clasificación o colocación |
Clasificación de Library of Congress |
| Suprimir en OPAC |
No |
| Tipo de ítem Koha |
Libro |
| 946 ## - PROCESAMIENTO DE INFORMACIÓN LOCAL (OCLC) |
| Iniciales del agente catalogador |
cmc |